<?xml version="1.0" encoding="UTF-8"?>
<record
    xmlns:xsi="http://www.w3.org/2001/XMLSchema-instance"
    xsi:schemaLocation="http://www.loc.gov/MARC21/slim http://www.loc.gov/standards/marcxml/schema/MARC21slim.xsd"
    xmlns="http://www.loc.gov/MARC21/slim">

  <leader>00245nam a2200097Ia 4500</leader>
  <controlfield tag="008">230915s9999    xx            000 0 und d</controlfield>
  <datafield tag="050" ind1=" " ind2=" ">
    <subfield code="a">HD30.28.D38.C.1</subfield>
  </datafield>
  <datafield tag="100" ind1=" " ind2=" ">
    <subfield code="a">FRED R.DAVID</subfield>
  </datafield>
  <datafield tag="245" ind1=" " ind2="0">
    <subfield code="a">STRATEGIC MANAGEMENT: CONCEPTS AND CASES</subfield>
  </datafield>
  <datafield tag="942" ind1=" " ind2=" ">
    <subfield code="c">BK</subfield>
  </datafield>
  <datafield tag="999" ind1=" " ind2=" ">
    <subfield code="c">78221</subfield>
    <subfield code="d">78221</subfield>
  </datafield>
  <datafield tag="952" ind1=" " ind2=" ">
    <subfield code="0">0</subfield>
    <subfield code="1">0</subfield>
    <subfield code="2">lcc</subfield>
    <subfield code="4">0</subfield>
    <subfield code="7">0</subfield>
    <subfield code="8">BUS</subfield>
    <subfield code="a">KSUL</subfield>
    <subfield code="b">KSUL</subfield>
    <subfield code="c">DISPLAY</subfield>
    <subfield code="d">2024-04-09</subfield>
    <subfield code="i">49987</subfield>
    <subfield code="l">0</subfield>
    <subfield code="o">HD 30.28 .D38 2001</subfield>
    <subfield code="p">000000005700</subfield>
    <subfield code="r">2024-04-09 12:26:14</subfield>
    <subfield code="t">C.1</subfield>
    <subfield code="w">2024-04-09</subfield>
    <subfield code="y">BK</subfield>
  </datafield>
  <datafield tag="952" ind1=" " ind2=" ">
    <subfield code="0">0</subfield>
    <subfield code="1">0</subfield>
    <subfield code="2">lcc</subfield>
    <subfield code="4">0</subfield>
    <subfield code="7">0</subfield>
    <subfield code="8">BUS</subfield>
    <subfield code="a">KSUL</subfield>
    <subfield code="b">KSUL</subfield>
    <subfield code="c">DISPLAY</subfield>
    <subfield code="d">2024-04-09</subfield>
    <subfield code="i">88597</subfield>
    <subfield code="l">0</subfield>
    <subfield code="o">HD 30.28 .D38 2001</subfield>
    <subfield code="p">001767</subfield>
    <subfield code="r">2024-04-09 12:26:00</subfield>
    <subfield code="t">C.4</subfield>
    <subfield code="w">2024-04-09</subfield>
    <subfield code="y">BK</subfield>
  </datafield>
  <datafield tag="952" ind1=" " ind2=" ">
    <subfield code="0">0</subfield>
    <subfield code="1">0</subfield>
    <subfield code="2">lcc</subfield>
    <subfield code="4">0</subfield>
    <subfield code="7">0</subfield>
    <subfield code="8">BUS</subfield>
    <subfield code="a">KSUL</subfield>
    <subfield code="b">KSUL</subfield>
    <subfield code="c">DISPLAY</subfield>
    <subfield code="d">2024-04-09</subfield>
    <subfield code="i">88514</subfield>
    <subfield code="l">0</subfield>
    <subfield code="o">HD 30.28 .D38 2001</subfield>
    <subfield code="p">001765</subfield>
    <subfield code="r">2024-04-09 12:26:14</subfield>
    <subfield code="t">C.2</subfield>
    <subfield code="w">2024-04-09</subfield>
    <subfield code="y">BK</subfield>
  </datafield>
  <datafield tag="952" ind1=" " ind2=" ">
    <subfield code="0">0</subfield>
    <subfield code="1">0</subfield>
    <subfield code="2">lcc</subfield>
    <subfield code="4">0</subfield>
    <subfield code="7">0</subfield>
    <subfield code="8">BUS</subfield>
    <subfield code="a">KSUL</subfield>
    <subfield code="b">KSUL</subfield>
    <subfield code="c">DISPLAY</subfield>
    <subfield code="d">2024-04-09</subfield>
    <subfield code="i">88560</subfield>
    <subfield code="l">0</subfield>
    <subfield code="o">HD 30.28 .D38 2001</subfield>
    <subfield code="p">001766</subfield>
    <subfield code="r">2025-05-06 10:08:00</subfield>
    <subfield code="t">C.3</subfield>
    <subfield code="w">2024-04-09</subfield>
    <subfield code="y">BK</subfield>
  </datafield>
</record>
